000 00565nam a2200181Ia 4500
008 190805s9999||||xx |||||||||||||| ||und||
020 _a9789385880629
_cRs. 635.00
082 0 4 _a530.7
_bN146
100 1 _aNakra, B. C.
245 1 0 _aInstrumentation: measurement and Analysis /
_cB. C. Nakra and K. K. Chaudhary
250 _a4th ed.
260 _aNew Delhi :
_bMcGraw Hill Education India,
_c2017
300 _avarious pagination
_b : ill.
_c; 24 cm.
650 0 _aMeasuring instruments
700 1 _aChaudhary, K. K.
942 _cBK
999 _c204
_d204